STUDY OF PREVALENCE OF VITAMIN D DEFICIENCY IN PATIENTS WITH ESSENTIAL HYPERTENSION (Record no. 26580)

MARC details
000 -LEADER
fixed length control field 00366nam a22001457a 4500
003 - CONTROL NUMBER IDENTIFIER
control field SGT
082 ## - DEWEY DECIMAL CLASSIFICATION NUMBER
Classification number 616.024
Item number S22S
100 ## - MAIN ENTRY--PERSONAL NAME
Personal name SUHAG, NAVEEN
245 ## - TITLE STATEMENT
Title STUDY OF PREVALENCE OF VITAMIN D DEFICIENCY IN PATIENTS WITH ESSENTIAL HYPERTENSION
260 ## - PUBLICATION, DISTRIBUTION, ETC. (IMPRINT)
Place of publication, distribution, etc GURUGRAM
Name of publisher, distributor, etc SGT UNIVERSITY
Year of Publication 2022
300 ## - PAGE DESCRIPTION
No. of Pages 85
650 ## - SUBJECT ADDED ENTRY--TOPICAL TERM
Topical term or geographic name as entry element MEDICINE
653 ## - KEYWORDS--INDEX TERM
Keyword term M.D
942 ## - ADDED ENTRY ELEMENTS (KOHA)
Source of classification or shelving scheme Dewey Decimal Classification
Koha item type Thesis/Dissertation
Holdings
Withdrawn status Lost status Source of classification or shelving scheme Damaged status Use restrictions Not for loan Collection code Home library Current library Shelving location Date acquired Total Checkouts Full call number Accession No. (Barcode) Date last seen Bill Date Koha item type
    Dewey Decimal Classification   Restricted Access Not For Loan MEDICAL SGT Medical Library SGT Medical Library Reference Book 26/06/2024   616.024 S22S DT1867 26/06/2024 26/06/2024 Thesis/Dissertation
    Dewey Decimal Classification   Restricted Access Not For Loan MEDICAL SGT Medical Library SGT Medical Library Reference Book 26/06/2024   616.024 S22S DT1868 26/06/2024 26/06/2024 Thesis/Dissertation
    Dewey Decimal Classification   Restricted Access Not For Loan MEDICAL SGT Medical Library SGT Medical Library Reference Book 26/06/2024   616.024 S22S DT1869 26/06/2024 26/06/2024 Thesis/Dissertation
    Dewey Decimal Classification   Restricted Access Not For Loan MEDICAL SGT Medical Library SGT Medical Library Reference Book 26/06/2024   616.024 S22S DT1870 26/06/2024 26/06/2024 Thesis/Dissertation